Indian economy : (Record no. 123492)
[ view plain ]
| 000 -LEADER | |
|---|---|
| fixed length control field | 00705nam a22002177a 4500 |
| 005 - DATE AND TIME OF LATEST TRANSACTION | |
| control field | 20170124105926.0 |
| 010 ## - LIBRARY OF CONGRESS CONTROL NUMBER | |
| LC control number | A-382030 |
| 020 ## - INTERNATIONAL STANDARD BOOK NUMBER | |
| Terms of availability | 00.00 |
| International Standard Book Number | 8170232589 |
| 035 ## - SYSTEM CONTROL NUMBER | |
| System control number | A-382030 |
| 037 ## - SOURCE OF ACQUISITION | |
| Source of stock number/acquisition | Cen Lib/Ret |
| 040 ## - CATALOGING SOURCE | |
| Original cataloging agency | DPL |
| Language of cataloging | EN |
| 082 ## - DEWEY DECIMAL CLASSIFICATION NUMBER | |
| Classification number | 330.954 |
| Item number | SHA |
| 100 ## - MAIN ENTRY--PERSONAL NAME | |
| Personal name | Shareeff, K.S.G. Haji |
| 9 (RLIN) | 6455 |
| 245 ## - TITLE STATEMENT | |
| Title | Indian economy : |
| Statement of responsibility, etc | by K.S.G. Haji Shareeff |
| Remainder of title | challenges and opportunities / |
| 260 ## - PUBLICATION, DISTRIBUTION, ETC. (IMPRINT) | |
| Place of publication, distribution, etc | Ahmedabad |
| Name of publisher, distributor, etc | Allied Publishers |
| Date of publication, distribution, etc | 1989 |
| 270 ## - ADDRESS | |
| Address | Prarthna Flats(1st Floor), Navrangpura |
| City | Ahmedabad |
| Postal code | 380009 |
| 300 ## - PHYSICAL DESCRIPTION | |
| Extent | xvi,131p. |
| Dimensions | 21cm(Hb) |
| 650 ## - SUBJECT ADDED ENTRY--TOPICAL TERM | |
| Topical term or geographic name as entry element | Economic development |
| Geographic subdivision | India |
| 9 (RLIN) | 72079 |
| 650 ## - SUBJECT ADDED ENTRY--TOPICAL TERM | |
| Topical term or geographic name as entry element | Economic challenges |
| Geographic subdivision | India |
| 9 (RLIN) | 6457 |
| 942 ## - ADDED ENTRY ELEMENTS (KOHA) | |
| Source of classification or shelving scheme | Dewey Decimal Classification |
| Koha item type | English Books |
| Classification part | 330.954 |
| Call number suffix | SHA |
| Withdrawn status | Lost status | Damaged status | Not for loan | Home library | Current library | Date acquired | Source of acquisition | Cost, normal purchase price | Total Checkouts | Full call number | Barcode | Date last seen | Date checked out | Copy number | Cost, replacement price | Price effective from | Koha item type |
|---|---|---|---|---|---|---|---|---|---|---|---|---|---|---|---|---|---|
| Central Library | Central Library | 08/06/2015 | Cen Lib/Ret | 0.00 | 3 | 330.954 SHA | A-382030 | 08/11/2021 | 22/10/2021 | 1 | 0.00 | 08/06/2015 | English Books |
